Dans quel pays se trouve cette réplique de la Tour Eiffel ? - Statistiques

Statistiques générales
  • Ce quiz a été pris 14 fois
  • Le résultat moyen est 3 sur 58
Statistiques - réponses
Par images Hint Réponse % Correct
Asie Japon
100%
Amérique Etats-Unis
79%
Europe Espagne
21%
Europe France
21%
Asie Chine
14%
Amérique Colombie
14%
Océanie Australie
7%
Europe Belgique
7%
Amérique Canada
7%
Asie Chine
7%
Europe Lettonie
7%
Asie Liban
7%
Europe Pologne
7%
Afrique Afrique-du-Sud
0%
Afrique Afrique-du-Sud
0%
Europe Allemagne
0%
Europe Allemagne
0%
Asie Arménie
0%
Europe Autriche
0%
Amérique Bolivie
0%
Amérique Brésil
0%
Amérique Brésil
0%
Europe Bulgarie
0%
Amérique Canada
0%
Asie Corée-du-Sud
0%
Europe Danemark
0%
Asie Emirats Arabes Unis
0%
Amérique Equateur
0%
Europe Estonie
0%
Amérique Etats-Unis
0%
Europe France
0%
Europe Grèce
0%
Amérique Guatemala
0%
Amérique Honduras
0%
Asie Inde
0%
Asie Inde
0%
Asie Japon
0%
Asie/Europe Kazakhstan
0%
Asie Kirghizistan
0%
Europe Lituanie
0%
Asie Malaisie
0%
Afrique Maroc
0%
Amérique Mexique
0%
Asie Pakistan
0%
Europe Pays-Bas
0%
Asie Philippines
0%
Europe Portugal
0%
Europe Roumanie
0%
Europe Royaume-Uni
0%
Europe Royaume-Uni
0%
Asie/Europe Russie
0%
Asie/Europe Russie
0%
Asie Taïwan
0%
Europe Tchéquie
0%
Asie Thaïlande
0%
Asie Thaïlande
0%
Europe Ukraine
0%
Asie Vietnam
0%
Aucun quiz correspondant
Distribution des résultats
% des personnes avec chaque résultat
Percentile par nombre de réponses
Votre historique - résultats
Vous n’avez pas pris ce quiz